| 000 | 00479nam a2200157Ia 4500 | ||
|---|---|---|---|
| 008 | 230907s9999||||xx |||||||||||||| ||und|| | ||
| 082 |
_a621.3 _bRAM |
||
| 100 |
_aRameen Ayub (00000275903) _9116654 |
||
| 245 | 0 | _aAssessment of Indoor Air Quality and Thermal Comfort of Research Laboratories / | |
| 260 |
_aUSPCAS-E, NUST _bIslamabad : _c2021 |
||
| 300 | _axiii, 48 p | ||
| 520 | _aTH-324 | ||
| 650 | _aMS-EEP Thesis | ||
| 700 | _aDr. Muhammad Bilal Sajid | ||
| 942 |
_cTHE _2ddc |
||
| 999 |
_c602002 _d602002 |
||